Valuing with the pocket calculator; a series of programs providing factors for the solution of the 19 basic types of valuation problems with limitless flexibility of input data (Record no. 94694)

MARC details
000 -LEADER
fixed length control field 00633cam a2200205 4500
001 - CONTROL NUMBER
control field D1572
008 - FIXED-LENGTH DATA ELEMENTS--GENERAL INFORMATION
fixed length control field 090401t1982 xxu||||| |||| 00| 0 eng d
035 ## - SYSTEM CONTROL NUMBER
System control number (Sirsi) u64655
041 ## - LANGUAGE CODE
Language code of text/sound track or separate title eng
050 ## - LIBRARY OF CONGRESS CALL NUMBER
Classification number 333.332
100 ## - MAIN ENTRY--PERSONAL NAME
Personal name Bowcock, Philip
245 ## - TITLE STATEMENT
Title Valuing with the pocket calculator; a series of programs providing factors for the solution of the 19 basic types of valuation problems with limitless flexibility of input data
260 ## - PUBLICATION, DISTRIBUTION, ETC.
Place of publication, distribution, etc. Oxford
Name of publisher, distributor, etc. Technical Press
Date of publication, distribution, etc. 1982
300 ## - PHYSICAL DESCRIPTION
Extent c52p. 30cm
350 ## - PRICE (NR) (BK AM CF MU VM SE) [OBSOLETE]
Price 15
520 ## - SUMMARY, ETC.
Summary, etc. plus 20 spare work sheets.
700 ## - ADDED ENTRY--PERSONAL NAME
Personal name Rose, J.J.
942 ## - ADDED ENTRY ELEMENTS (KOHA)
Suppress in OPAC 0
948 ## - LOCAL PROCESSING INFORMATION (OCLC); SERIES PART DESIGNATOR (RLIN)
c (OCLC) 04/03/1997
Holdings
Withdrawn status Lost status Source of classification or shelving scheme Damaged status Not for loan Home library Current library Shelving location Date acquired Cost, normal purchase price Total Checkouts Full call number Barcode Date last seen Date last checked out Copy number Cost, replacement price Price effective from Koha item type
    Dewey Decimal Classification     London London Folio 14/09/1999 15.00 1 F333.332 30001133 06/08/2019 08/05/2001 1 15.00 06/08/2019 Book